Pounder's marine diesel engines / (Record no. 3439)
[ view plain ]
| 000 -LEADER | |
|---|---|
| fixed length control field | 00445nam a22001577a 4500 |
| 008 - FIXED-LENGTH DATA ELEMENTS--GENERAL INFORMATION | |
| fixed length control field | 200615b ||||| |||| 00| 0 eng d |
| 020 ## - INTERNATIONAL STANDARD BOOK NUMBER | |
| International Standard Book Number | 9780750689847 |
| 082 00 - DEWEY DECIMAL CLASSIFICATION NUMBER | |
| Classification number | 623.87236 |
| Item number | W9128 |
| 245 10 - TITLE STATEMENT | |
| Title | Pounder's marine diesel engines / |
| 250 ## - EDITION STATEMENT | |
| Edition statement | 9th ed. |
| 260 ## - PUBLICATION, DISTRIBUTION, ETC. (IMPRINT) | |
| Place of publication, distribution, etc | London : |
| Name of publisher, distributor, etc | Butterworth - Heinnemann, |
| Date of publication, distribution, etc | 2013. |
| 300 ## - PHYSICAL DESCRIPTION | |
| Extent | 355 p. |
| 650 #0 - SUBJECT ADDED ENTRY--TOPICAL TERM | |
| Topical term or geographic name as entry element | Diesel Engines |
| 700 ## - ADDED ENTRY--PERSONAL NAME | |
| 9 (RLIN) | 1377 |
| Personal name | Woodyard, Doug |
| Relator term | editor |
| 942 ## - ADDED ENTRY ELEMENTS (KOHA) | |
| Item type | Books |
| Withdrawn status | Lost status | Source of classification or shelving scheme | Damaged status | Not for loan | Permanent location | Current location | Date acquired | Source of acquisition | Full call number | Barcode | Date last seen | Cost, replacement price | Koha item type |
|---|---|---|---|---|---|---|---|---|---|---|---|---|---|
| IMU Kolkata | IMU Kolkata | 2013-12-20 | Shroff Publishers and Distributors | 623.87236 W9128 | 11717 | 2020-06-15 | 1350.00 | Books | |||||
| IMU Kolkata | IMU Kolkata | 2013-12-20 | Shroff Publishers and Distributors | 623.87236 W9128 | 11718 | 2020-06-15 | 1350.00 | Books | |||||
| IMU Kolkata | IMU Kolkata | 2013-12-20 | Shroff Publishers and Distributors | 623.87236 W9128 | 11719 | 2020-06-15 | 1350.00 | Books | |||||
| IMU Kolkata | IMU Kolkata | 2013-12-20 | Shroff Publishers and Distributors | 623.87236 W9128 | 11720 | 2020-06-15 | 1350.00 | Books | |||||
| IMU Kolkata | IMU Kolkata | 2013-12-20 | Shroff Publishers and Distributors | 623.87236 W9128 | 11721 | 2020-06-15 | 1350.00 | Books |